|
|
|
|
| LEADER |
00000nam0a2200000 4500 |
| 001 |
72923 |
| 005 |
20231101212655.0 |
| 010 |
|
|
|a 5724500825
|
| 035 |
|
|
|a (RuTPU)RU\TPU\book\77758
|
| 090 |
|
|
|a 72923
|
| 100 |
|
|
|a 20050204d1988 k y0rusy50 ca
|
| 101 |
0 |
|
|a rus
|
| 102 |
|
|
|a RU
|
| 105 |
|
|
|a a z 001zy
|
| 200 |
1 |
|
|a Полярографы и их эксплуатация в практическом анализе и исследованиях
|f Р. М.-Ф. Салихджанова, Г. И. Гинзбург
|
| 210 |
|
|
|a Москва
|c Химия
|d 1988
|
| 215 |
|
|
|a 160 с.
|c ил.
|
| 320 |
|
|
|a Библиогр.: с. 158-160
|
| 330 |
|
|
|a Изложены основные принципы построения современных полярографов. Обобщен и систематизирован материал по выявлению новых путей повышения аналитических параметров аппаратуры. Описаны полярографы, имеющие преимущественное распространение, показаны их особенности и возможности. Изложены методы эффективного использования полярографической аппаратуры, реализующей основные направления в вольтамперометрии, в анализе и исследованиях. Предназначена для научных работников и электрохимиков научно-исследовательских, производственных и учебных химических лабораторий, инженерного и технического персонала, работающего в области создания и эксплуатации полярографической аппаратуры, для студентов, аспирантов и преподавателей учебных заведений, специализирующихся в области химического анализа и электрохимических исследований.
|
| 606 |
1 |
|
|a Полярографы
|2 stltpush
|3 (RuTPU)RU\TPU\subj\50825
|9 69459
|
| 610 |
1 |
|
|a полярография
|
| 610 |
1 |
|
|a эксплуатация
|
| 610 |
1 |
|
|a практическое применение
|
| 610 |
1 |
|
|a исследование
|
| 610 |
1 |
|
|a вольтамперометрические установки
|
| 610 |
1 |
|
|a библиотека А. Г. Стромберга
|
| 675 |
|
|
|a 543.552
|v 4
|
| 700 |
|
1 |
|a Салихджанова
|b Р. М.-Ф.
|g Рашид Мухамет-Фатиховна
|
| 701 |
|
1 |
|a Гинзбург
|b Г. И.
|g Григорий Исаакович
|
| 801 |
|
1 |
|a RU
|b 63413507
|c 20050204
|g PSBO
|
| 801 |
|
2 |
|a RU
|b 63413507
|c 20180423
|g PSBO
|
| 942 |
|
|
|c BK
|